000 005980000a22001810004500
003 MACL
005 20160227162400.0
008 160227b xxu||||| |||| 00| 0 eng d
040 _aMACL
_cMACL
041 _aHindi
082 _a800
100 _aडॉ कृष्‍णमुरारी मिश्र
_941047
245 _aरोमाण्टिक युगीन अॅग्रेजी कविता और छायावाद
260 _bप्रगति प्रकाशन
_c1979
_aआगरा
350 _a110
650 _aLiteracture
_939932
942 _cHIN
_k800
_2ddc
999 _c27459
_d27459